000 00502nam a2200145Ia 4500
005 20260304133547.0
022 _a3043-4793
050 _aRA 427. I58
245 _aInternational Research Journal of Multidisciplinary- Practices, Community and Public Health (IRJMPCH)
250 _aVol. 1, No. 2
260 _aNigeria
_bNIC Maurice College of Health, Managment Science and Technology
_c2024
300 _aill. ; 27 cm.
650 _aMedicine--Periodicals, Public Health --Periodicals
942 _cSR
_2lcc
999 _c37346
_d37346